Budzet na 1991 rok.

Schválenie poľského rozpočtu na rok 1991 snemom. Tri dôležité zmeny v rozpočte. Pasívne saldo a jeho financovanie. Štruktúra príjmov a výdavkov v r. 1990. Výdavky stimulujúce štrukturálne premeny. Príjmy z privatizácie majú slúžiť na modernizáciu ekonomiky.

Gespeichert in:
Bibliographische Detailangaben
1. Verfasser: Wasilewska-Trenkner, H.
Format: Buchkapitel
Sprache:Polnisch
Schlagworte:
Tags: Tag hinzufügen
Keine Tags, Fügen Sie das erste Tag hinzu!

MARC

LEADER 00000naa a2200000 4500
001 r004479
005 20221125122813.0
041 0 |a pol 
044 |a PL 
245 1 0 |a Budzet na 1991 rok.  |c H. Wasilewska-Trenknerová 
520 |a Schválenie poľského rozpočtu na rok 1991 snemom. Tri dôležité zmeny v rozpočte. Pasívne saldo a jeho financovanie. Štruktúra príjmov a výdavkov v r. 1990. Výdavky stimulujúce štrukturálne premeny. Príjmy z privatizácie majú slúžiť na modernizáciu ekonomiky. 
610 2 0 |a rozpočet štátny 
610 2 0 |a PR 
610 2 0 |a 1991 
610 2 0 |a saldo 
610 2 0 |a príjmy rozpočtu štátneho 
610 2 0 |a výdavky rozpočtu štátneho 
610 2 0 |a privatizácia 
100 1 |a Wasilewska-Trenkner, H.